Institutions et faits sociaux

Guardat en:
Dades bibliogràfiques
Autor principal: Maillet, J. (autor)
Format: Llibre
Idioma:francès
Publicat: París Sirey 1957
Matèries:
Etiquetes: Afegir etiqueta
Sense etiquetes, Sigues el primer a etiquetar aquest registre!

MARC

LEADER 00000nam a2200000 a 4500
001 UCR1728
003 CL-VaPUC
008 971219e19570000FR |||||||||||||||||fre|d
082 0 4 |a 340.5402  |b MAI  |2 21 
100 |a Maillet, J.  |e autor  |9 399139 
245 1 0 |a Institutions et faits sociaux 
300 |a 282 p 
942 |c BK 
945 |d 19971219 00:00:00  |a aolguin 
260 |a París  |b Sirey  |c 1957 
650 0 |a Derecho romano  |9 255930 
650 0 |a Instituciones jurídicas  |9 380718 
650 0 |a Historiografía   |9 257871 
650 0 |a Manuales  |9 257144 
583 |a last modification  |c 19971219 00:00:00  |k Rodrigo Vera 
999 |c 265095  |d 265093 
952 |0 0  |1 0  |4 0  |6 340_540200000000000_MAI_1957  |7 0  |8 DER_HIS  |9 295889  |a BIBDER  |b BIBDER  |d 2019-11-20  |i 1919261  |o 340.5402 MAI 1957  |p 1919261  |r 2023-01-25  |w 2019-11-20  |x Ubicación 4to Piso  |y BK  |z Estos recursos deben solicitarse con anticipación  |k DER